000 00496nam a2200181Ia 4500
999 _c13992
_d13992
003 OSt
005 20201022095329.0
008 190216s9999||||xx |||||||||||||| ||und||
020 _a9780140123081
040 _coclc
082 _a823.914
_bBAR/R
100 _aBarker, Pat
_95582
245 0 _aRegeneration /
_cPat Barker
260 _bPenguin Books,
_c1996.
_aNew Delhi:
300 _a251p
650 _aEnglish Story
942 _cBK
_2ddc
_h823.914
_iBAR/R
_k823.914
_mBAR/R